|
|
|
|
| LEADER |
00613nam a2200169Ia 4500 |
| 008 |
161229s9999 xx 000 0 und d |
| 020 |
|
|
|a 8171006275
|
| 082 |
|
|
|a 630 DEV/TR
|
| 100 |
|
|
|a Devendra Thakur
|
| 245 |
|
|
|a Tribal agriculture and animal husbandry
|
| 260 |
|
|
|b Deep & Deep Publications
|a New Delhi
|c 1994
|
| 300 |
|
|
|a 383
|
| 700 |
|
|
|a Devendra, Thakur,ed.
|
| 700 |
|
|
|a Thakur,D N, ed.
|
| 942 |
|
|
|c BK
|
| 999 |
|
|
|c 154031
|d 154031
|
| 952 |
|
|
|0 0
|1 0
|4 0
|6 630_000000000000000_DEVTR
|7 0
|9 153105
|a KAUCLV
|b KAUCLV
|d 2016-12-29
|g 400.00
|o 630 DEV/TR
|p 905340
|r 2016-12-29
|w 2016-12-29
|y BK
|z Book transferred from CCBM Library ,Acc.No:4916
|